Drag Race Philippines Queens by Photo - Statistics

General Stats
  • This quiz has been taken 91 times
    53 since last reset
  • The average score is 27 of 35
Answer Stats
Picture Hint Answer % Correct
πŸ‡΅πŸ‡­ Season 3 πŸ‡΅πŸ‡­ Angel
97%
πŸ‡΅πŸ‡­ Season 3 πŸ‡΅πŸ‡­ Maxie
92%
πŸ‡΅πŸ‡­ Season 1 πŸ‡΅πŸ‡­ Marina Summers
89%
πŸ‡΅πŸ‡­ Season 3 πŸ‡΅πŸ‡­ Khianna
86%
πŸ‡΅πŸ‡­ Season 1 πŸ‡΅πŸ‡­ Minty Fresh
86%
πŸ‡΅πŸ‡­ Season 2 πŸ‡΅πŸ‡­ Arizona Brandy
83%
πŸ‡΅πŸ‡­ Season 2 πŸ‡΅πŸ‡­ Bernie
83%
πŸ‡΅πŸ‡­ Season 1 πŸ‡΅πŸ‡­ Brigiding
83%
πŸ‡΅πŸ‡­ Season 2 πŸ‡΅πŸ‡­ Captivating Katkat
83%
πŸ‡΅πŸ‡­ Season 2 πŸ‡΅πŸ‡­ M1ss Jade So
83%
πŸ‡΅πŸ‡­ Season 2 πŸ‡΅πŸ‡­ ØV C--T
83%
πŸ‡΅πŸ‡­ Season 1 πŸ‡΅πŸ‡­ Precious Paula Nicole
83%
πŸ‡΅πŸ‡­ Season 3 πŸ‡΅πŸ‡­ Tita Baby
83%
πŸ‡΅πŸ‡­ Season 1 πŸ‡΅πŸ‡­ Turing
83%
πŸ‡΅πŸ‡­ Season 3 πŸ‡΅πŸ‡­ Versex
83%
πŸ‡΅πŸ‡­ Season 3 πŸ‡΅πŸ‡­ Yudipota
83%
πŸ‡΅πŸ‡­ Season 1 πŸ‡΅πŸ‡­ Eva Le Queen
81%
πŸ‡΅πŸ‡­ Season 1 πŸ‡΅πŸ‡­ VinΜƒas Deluxe
81%
πŸ‡΅πŸ‡­ Season 2 πŸ‡΅πŸ‡­ Hana Beshie
78%
πŸ‡΅πŸ‡­ Season 1 πŸ‡΅πŸ‡­ Corazon
75%
πŸ‡΅πŸ‡­ Season 3 πŸ‡΅πŸ‡­ J Quinn
75%
πŸ‡΅πŸ‡­ Season 1 πŸ‡΅πŸ‡­ Lady Morgana
75%
πŸ‡΅πŸ‡­ Season 1 πŸ‡΅πŸ‡­ Prince
75%
πŸ‡΅πŸ‡­ Season 2 πŸ‡΅πŸ‡­ Tiny Deluxe
75%
πŸ‡΅πŸ‡­ Season 3 πŸ‡΅πŸ‡­ Zymba Ding
75%
πŸ‡΅πŸ‡­ Season 2 πŸ‡΅πŸ‡­ Matilduh
72%
πŸ‡΅πŸ‡­ Season 3 πŸ‡΅πŸ‡­ Myx Chanel
72%
πŸ‡΅πŸ‡­ Season 1 πŸ‡΅πŸ‡­ Xilhouete
72%
πŸ‡΅πŸ‡­ Season 3 πŸ‡΅πŸ‡­ Popstar Bench
67%
πŸ‡΅πŸ‡­ Season 2 πŸ‡΅πŸ‡­ Astrid Mercury
64%
πŸ‡΅πŸ‡­ Season 1 πŸ‡΅πŸ‡­ Gigi Era
64%
πŸ‡΅πŸ‡­ Season 3 πŸ‡΅πŸ‡­ John Fedellaga
64%
πŸ‡΅πŸ‡­ Season 2 πŸ‡΅πŸ‡­ Veruschka Levels
58%
πŸ‡΅πŸ‡­ Season 2 πŸ‡΅πŸ‡­ Dee Dee MariΓ© Holliday
56%
πŸ‡΅πŸ‡­ Season 2 πŸ‡΅πŸ‡­ Nicole Pardaux
53%
No matching quizzes found
Score Distribution
Percent of People with Each Score
Percentile by Number Answered
Your Score History
You have not taken this quiz since the last reset